Enzyclopaedie des Maerchens : Handwoertterbuch zur historischen und vergleichenden Erzaehlforschung
Αποθηκεύτηκε σε:
| Άλλοι συγγραφείς: | |
|---|---|
| Μορφή: | Βιβλίο |
| Γλώσσα: | German |
| Δημοσίευση: |
Berlin :
Walter de Gruyter,
1977-1990
|
| Θέματα: | |
| Ετικέτες: |
Προσθήκη ετικέτας
Δεν υπάρχουν, Καταχωρήστε ετικέτα πρώτοι!
|
MARC
| LEADER | 00000nam a2200000 i 4500 | ||
|---|---|---|---|
| 001 | 1/85493 | ||
| 008 | 981021m19771990 ger d | ||
| 020 | |a 3-11-006781-1 (v.1) | ||
| 020 | |a 3-11-008091-5 (v.2) | ||
| 020 | |a 3-11-008201-2 (v.3) | ||
| 020 | |a 3-11-009566-1 (v.4) | ||
| 020 | |a 3-11-010588-8 (v.5) | ||
| 020 | |a 3-11-011763-0 (v.6) | ||
| 035 | |l 10034712 | ||
| 040 | |a GR-MY-UA |b gre |e aacr | ||
| 041 | 0 | |a ger | |
| 082 | 0 | |a 398.2030943 | |
| 245 | 1 | 0 | |a Enzyclopaedie des Maerchens : |b Handwoertterbuch zur historischen und vergleichenden Erzaehlforschung / |c Herausgegeben von Kurt Ranke ; Redaktion Lotte Baumann ... [et al.] |
| 260 | |a Berlin : |b Walter de Gruyter, |c 1977-1990 | ||
| 300 | |a 6 v. | ||
| 650 | 0 | 0 | |a Folk literature |x Dictionaries |z German. |
| 650 | 0 | 0 | |a Tales |x Dictionaries |z German. |
| 650 | 0 | 0 | |a Fairy tales |x Dictionaries |z German. |
| 700 | 1 | |a Ranke, Kurt. |4 edt | |
| 852 | |a INST |b RHODES |e 19981021 |h 398.2030943 ENZ |p 005400008710 |q 005400008710 |t REF |y 23 |z v.3 | ||
| 852 | |a INST |b RHODES |e 19981021 |h 398.2030943 ENZ |p 005400008711 |q 005400008711 |t REF |y 23 |z v.4 | ||
| 852 | |a INST |b RHODES |e 19981021 |h 398.2030943 ENZ |p 005400008712 |q 005400008712 |t REF |y 23 |z v.5 | ||
| 852 | |a INST |b RHODES |e 19981021 |h 398.2030943 ENZ |p 005400008713 |q 005400008713 |t REF |y 23 |z v.6 | ||
| 852 | |a INST |b RHODES |e 19981021 |h 398.2030943 ENZ |p 005400008762 |q 005400008762 |t REF |y 23 |z v.2 | ||
| 852 | |a INST |b RHODES |e 19981021 |h 398.2030943 ENZ |p 005400008763 |q 005400008763 |t REF |y 23 |z v.1 | ||
| 852 | |a INST |b RHODES |e 19981021 |h 398.2030943 ENZ |p 005400008710 |q 005400008710 |t REF |v v.3: |y 23 |z v.3 | ||
| 852 | |a INST |b RHODES |e 19981021 |h 398.2030943 ENZ |p 005400008711 |q 005400008711 |t REF |v v.4: |y 23 |z v.4 | ||
| 852 | |a INST |b RHODES |e 19981021 |h 398.2030943 ENZ |p 005400008712 |q 005400008712 |t REF |v v.5: |y 23 |z v.5 | ||
| 852 | |a INST |b RHODES |e 19981021 |h 398.2030943 ENZ |p 005400008713 |q 005400008713 |t REF |v v.6: |y 23 |z v.6 | ||
| 852 | |a INST |b RHODES |e 19981021 |h 398.2030943 ENZ |p 005400008762 |q 005400008762 |t REF |v v.2: |y 23 |z v.2 | ||
| 852 | |a INST |b RHODES |e 19981021 |h 398.2030943 ENZ |p 005400008763 |q 005400008763 |t REF |v v.1: |y 23 |z v.1 | ||
| 853 | |a INST |b RHODES |h 398.2030943 ENZ | ||
| 909 | |a Ρ |b 026760 |c 1993 | ||
| 909 | |a Ρ |b 026761 |c 1993 | ||
| 909 | |a Ρ |b 026762 |c 1993 | ||
| 909 | |a Ρ |b 026763 |c 1993 | ||
| 909 | |a Ρ |b 026764 |c 1993 | ||
| 909 | |a Ρ |b 026765 |c 1993 | ||
| 922 | |a 4ΕΛΗ |b 199303 |c ΖΕΡΒΟΥ | ||